Contemplation et vie contemplative Selon Platón

Guardat en:
Dades bibliogràfiques
Autor principal: Festugière, A. J (Autor)
Format: Llibre
Idioma:francès
Publicat: París Librairie Philosophique 1967
Col·lecció:<Le >Saulchoir Bibliothèque de Philosophie
Matèries:
Etiquetes: Afegir etiqueta
Sense etiquetes, Sigues el primer a etiquetar aquest registre!

MARC

LEADER 00000nam a2200000 a 4500
001 UCY6231
003 CL-VaPUC
008 950521e19670000FR |||||||||||||||||fre|d
082 0 4 |a 180  |b FES  |2 21 
100 0 |a Festugière, A. J  |e author  |9 336077 
245 1 0 |a Contemplation et vie contemplative Selon Platón 
300 |a 493 p 
942 |c BK 
945 |d 19950521 00:00:00  |a oaravena 
260 |a París  |b Librairie Philosophique  |c 1967 
600 0 7 |a PLATON  |2 CL-VaPUC  |9 222 
650 0 |a Filosofía   |9 223554 
650 0 |a Contemplación  |9 317501 
650 0 |a Filosofía antigua   |9 255705 
651 0 |a Grecia  |9 265314 
583 |a last modification  |c 19950521 00:00:00  |k Rodrigo Vera 
490 0 |a <Le >Saulchoir Bibliothèque de Philosophie 
999 |c 233811  |d 233809 
952 |0 0  |1 0  |4 0  |6 180_000000000000000_FES_1967  |7 0  |8 P  |9 239568  |a BIBEDU  |b BIBEDU  |c BIBEDU_PB  |d 2019-11-18  |i 1501690  |l 1  |m 1  |o 180 FES 1967  |p 1501690  |r 2024-01-25  |s 2023-06-19  |w 2019-11-18  |y BK  |k FIL